Fußball Top 10 #26 (meiste Serie A Spiele) - Statistiken

Allgemein
  • Dieses Quiz wurde 42 mal gespielt
  • Das Durchschnittsergebnis liegt bei 3 aus 10
Antwortstatistiken
Platz Einsätze Spieler % Korrekt
2 648 Paolo Maldini
94%
4 618 Francesco Totti
88%
1 658 Gianluigi Buffon
88%
3 618 Javier Zanetti
26%
6 567 Dino Zoff
18%
9 556 Fabio Quagliarella
18%
7 566 Samir Handanovic
6%
10 542 Roberto Mancini
3%
5 596 Gianluca Pagliuca
0%
8 563 Pietro Vierchowod
0%
Keine übereinstimmenden Quizze gefunden
Verteilung der Resultate
Anzahl Personen mit jedem Resultat
Perzentil nach korrekt beantworteten Fragen
Ihre Resultats-Entwicklung
Sie haben dieses Quiz noch nicht gespielt